Heun's differential equations

Saved in:
Bibliographic Details
Other Authors: Ronveaux, Andre (Editor), Arscott, F. M.
Format: Book
Language:English
Published: Oxford ; New York : Oxford University press, 1995
Subjects:
Tags: Add Tag
No Tags, Be the first to tag this record!

MARC

LEADER 00000nam a2200000 i 4500
001 1/78425
008 990423s1995 eng d
020 |a 0198596952 
035 |l 10050151 
040 |a GR-MY-UA  |b gre  |e aacr 
041 0 |a eng 
082 0 |a 515.354 
245 1 0 |a Heun's differential equations /  |c edited by A. Ronveaux ; with contributions by F. M. Arscott...[et.al]. 
260 |a Oxford ; New York :   |b Oxford University press,   |c 1995 
300 |a xxiii, 354 p.;  |b ill.;  |c 24 cm. 
500 |a Includes bibliographical references and index 
600 1 0 |a Heun Karl  |d 1859- 
650 0 0 |a Differential equations, Linear. 
650 0 0 |a Singularities (Mathematics) 
700 1 |a Ronveaux, Andre.  |4 edt 
700 1 |a Arscott, F. M. 
852 |a INST  |b SAMOS  |e 19990423  |h 515.354 HEU  |p 005300013081  |q 005300013081  |t BK  |y 0 
901 |a BIBL-1999-1 
909 |a Σ  |b 064035 
922 |a 3ΕΛΗ  |b 199901  |c ΚΠΣ  |d GLORY